নজরুলের রাষ্টচিন্তা ও রাজনীতি / (Record no. 158636)
[ view plain ]
| 000 -LEADER | |
|---|---|
| fixed length control field | 01050nam a22002057a 4500 |
| 003 - CONTROL NUMBER IDENTIFIER | |
| control field | BD-DhUL |
| 005 - DATE AND TIME OF LATEST TRANSACTION | |
| control field | 20170227181503.0 |
| 008 - FIXED-LENGTH DATA ELEMENTS--GENERAL INFORMATION | |
| fixed length control field | 170222s2008 b a|||| m||| 00| 0 b d |
| 040 ## - CATALOGING SOURCE | |
| Original cataloging agency | BD-DhUL |
| Transcribing agency | BD-DhUL |
| 082 00 - DEWEY DECIMAL CLASSIFICATION NUMBER | |
| Classification number | 320 |
| Item number | HAN |
| 100 10 - MAIN ENTRY--PERSONAL NAME | |
| Personal name | আবদুল আউয়াল হাওলাদার,আবু হেনা এম. |
| 245 ## - TITLE STATEMENT | |
| Title | নজরুলের রাষ্টচিন্তা ও রাজনীতি / |
| Statement of responsibility, etc. | আবদুল আউয়াল হাওলাদার |
| Medium | [অভিসন্দর্ভ এমফিল] |
| 260 ## - PUBLICATION, DISTRIBUTION, ETC. (IMPRINT) | |
| Place of publication, distribution, etc. | ঢাকা : |
| Name of publisher, distributor, etc. | ঢাকা বিশ্ববিদ্যালয়, |
| Date of publication, distribution, etc. | ১৯৯৩ |
| 300 ## - PHYSICAL DESCRIPTION | |
| Extent | [৫], ১৪৪ পৃ. : |
| Other physical details | চিত্র ; |
| Dimensions | ৩০ সে. মি. : |
| 500 ## - GENERAL NOTE | |
| General note | থিসিস (এম. ফিল) -- বাংলা বিভাগ, ঢাকা বিশ্ববিদ্যালয়, ১৯৯৩। |
| 504 ## - BIBLIOGRAPHY, ETC. NOTE | |
| Bibliography, etc | গ্রন্থপঞ্জী সংবলিত |
| 650 #4 - SUBJECT ADDED ENTRY--TOPICAL TERM | |
| Topical term or geographic name as entry element | রাজনীতি |
| 650 #4 - SUBJECT ADDED ENTRY--TOPICAL TERM | |
| Topical term or geographic name as entry element | Politics |
| 942 ## - ADDED ENTRY ELEMENTS (KOHA) | |
| Source of classification or shelving scheme | |
| Koha item type | Reference |
| Price effective from | Date last seen | Permanent Location | Not for loan | Date acquired | Source of classification or shelving scheme | Koha item type | Lost status | Withdrawn status | Source of acquisition | Collection code | Damaged status | Shelving location | Barcode | Current Location | Full call number |
|---|---|---|---|---|---|---|---|---|---|---|---|---|---|---|---|
| 2017-02-27 | 2017-02-27 | Dhaka University Library | 2017-02-27 | Reference | gift | Reference | Rare Collection | 383066 | Dhaka University Library | 320 HAN | |||||
| 2017-02-27 | 2017-02-27 | Dhaka University Library | 2017-02-27 | Reference | gift | Reference | Rare Collection | 382697 | Dhaka University Library | 320 HAN |
